[Event "Landsturneringen 2015"]
[Site "Oppsal arena, Oslo"]
[Date "2015.07.05"]
[Round "1"]
[White "Bruaset, Eivind"]
[Black "Olsen, Ulrik"]
[Result "1-0"]
[WhiteElo "1563"]
[BlackElo "1829"]
[PlyCount "93"]
[EventDate "2015.??.??"]

1. e4 e5 2. Nc3 Nc6 3. f4 exf4 4. Nf3 g5 5. Bc4 Bg7 6. O-O d6 7. Nb5 Bg4 8. c3
a6 9. Na3 Ne5 10. Be2 h6 11. d4 Nxf3+ 12. Bxf3 Bxf3 13. Qxf3 Nf6 14. g3 Qe7 15.
e5 dxe5 16. dxe5 Qxe5 17. Bxf4 Qc5+ 18. Be3 Qd5 19. Bd4 Qxf3 20. Rxf3 Nh5 21.
Re1+ Kf8 22. Bc5+ Kg8 23. Re7 Bf8 24. Rxc7 Bxc5+ 25. Rxc5 f6 26. Rd3 Rh7 27.
Nc4 Re7 28. Kf2 Ng7 29. Rcd5 Rae8 30. Re3 Kf7 31. Rxe7+ Rxe7 32. Ne3 h5 33. Rd6
Rxe3 34. Rxf6+ Ke7 35. Rg6 Kf7 36. Rxg7+ Kxg7 37. Kxe3 Kf6 38. Ke4 Ke6 39. h3
b6 40. b3 b5 41. c4 bxc4 42. bxc4 Kd6 43. Kf5 g4 44. hxg4 hxg4 45. Kxg4 Kc5 46.
Kf5 Kxc4 47. g4
1-0

[Event "Landsturneringen 2015"]
[Site "Oppsal arena, Oslo"]
[Date "2015.07.05"]
[Round "1"]
[White "Fossan, Andreas"]
[Black "Sundsbø, Sigve"]
[Result "1/2-1/2"]
[WhiteElo "1813"]
[BlackElo "1550"]
[PlyCount "106"]
[EventDate "2015.??.??"]

1. d4 Nf6 2. c4 e6 3. Nf3 b6 4. a3 Ba6 5. Nbd2 c5 6. e3 cxd4 7. Nxd4 d5 8. Be2
Bc5 9. cxd5 Bxe2 10. Nxe2 Nxd5 11. O-O O-O 12. Ne4 Be7 13. b4 Nf6 14. N2g3 Nbd7
15. Bb2 Nxe4 16. Nxe4 Nf6 17. Qf3 Nxe4 18. Qxe4 Bf6 19. Rfd1 Qe7 20. Bxf6 gxf6
21. g3 Rac8 22. Rd4 Rfd8 23. Rad1 Rxd4 24. Qxd4 Rc7 25. Kg2 Kg7 26. h4 e5 27.
Qd3 Qe6 28. h5 f5 29. Qd8 Qc6+ 30. Kh2 Qh6 31. Qxc7 Qxh5+ 32. Kg2 Qxd1 33.
Qxe5+ Kg6 34. Qd4 Qg4 35. Qd6+ f6 36. Qc7 Qe4+ 37. Kh2 Qf3 38. Qc2 Qb7 39. Qd2
Qc6 40. Qa2 Kg7 41. a4 Qd7 42. b5 Qd6 43. Qc4 Qe7 44. Qd5 Kg6 45. Qg8+ Kh6 46.
Qb8 Kg6 47. Qg8+ Kh6 48. Qc4 Qd7 49. Kg2 Kg6 50. Qc6 Qe7 51. Kh2 Kh6 52. Qc3
Kg6 53. Qb3 Qd7
1/2-1/2

[Event "Landsturneringen 2015"]
[Site "Oppsal arena, Oslo"]
[Date "2015.07.05"]
[Round "1"]
[White "Huse, Sigurd Kjelsbøl"]
[Black "Heier, Odin Nikolai"]
[Result "0-1"]
[WhiteElo "1535"]
[BlackElo "1707"]
[PlyCount "52"]
[EventDate "2015.??.??"]

1. e4 e5 2. Nf3 Nc6 3. Bb5 a6 4. Bxc6 dxc6 5. O-O Bg4 6. h3 Bh5 7. g4 Bg6 8.
Nxe5 Qh4 9. Qf3 f6 10. Nxg6 hxg6 11. Kg2 Bd6 12. d3 Ne7 13. Nc3 g5 14. Rh1
O-O-O 15. Be3 Kb8 16. d4 Ng6 17. Ne2 Qh7 18. Bxg5 fxg5 19. Qd3 Bf4 20. c4 Rhe8
21. f3 Be5 22. d5 Nh4+ 23. Kg1 cxd5 24. cxd5 c6 25. Nc3 cxd5 26. Nxd5 Bd4+
0-1

[Event "Landsturneringen 2015"]
[Site "Oppsal arena, Oslo"]
[Date "2015.07.05"]
[Round "1"]
[White "Berntsen-Øybø, August"]
[Black "Enersen, Eirik S"]
[Result "1/2-1/2"]
[WhiteElo "1684"]
[BlackElo "1477"]
[PlyCount "94"]
[EventDate "2015.??.??"]

1. e4 e6 2. d4 d5 3. exd5 exd5 4. Nf3 Nf6 5. Bd3 Bd6 6. O-O O-O 7. Bg5 h6 8.
Bh4 Bg4 9. Nbd2 Nbd7 10. c3 Re8 11. Qc2 c6 12. h3 Bxf3 13. Nxf3 Qc7 14. Bxf6
Nxf6 15. Nh4 Nh5 16. Nf5 Nf4 17. Nxd6 Qxd6 18. Bf5 Re7 19. g3 Nh5 20. Qd2 Rae8
21. Rfe1 Nf6 22. Rxe7 Qxe7 23. Bd3 Ne4 24. Qc2 Ng5 25. Kg2 Qe6 26. Rh1 Qf6 27.
f4 Ne4 28. Re1 Nd6 29. Rxe8+ Nxe8 30. Qe2 Nd6 31. Qe5 Qe6 32. Qxe6 fxe6 33. Kf3
Kf7 34. b3 g6 35. g4 b5 36. Ke3 Kf6 37. Kd2 a6 38. a4 bxa4 39. bxa4 a5 40. h4
h5 41. g5+ Kf7 42. c4 Nxc4+ 43. Bxc4 dxc4 44. Kc3 Ke7 45. Kxc4 Kd6 46. Kc3 Kd5
47. Kd3 c5
1/2-1/2

[Event "Landsturneringen 2015"]
[Site "Oppsal arena, Oslo"]
[Date "2015.07.05"]
[Round "1"]
[White "Lindbøl, Aleksander"]
[Black "Hem, Even Elias Yuan"]
[Result "1-0"]
[WhiteElo "1618"]
[BlackElo "1381"]
[PlyCount "103"]
[EventDate "2015.??.??"]

1. Nf3 d5 2. d4 c5 3. c3 e6 4. Bf4 Nc6 5. e3 Nf6 6. Nbd2 Be7 7. Qc2 a6 8. Be2
c4 9. b3 b5 10. O-O O-O 11. e4 Re8 12. Rfd1 Bb7 13. Rab1 Ra7 14. Ne5 Nd7 15.
exd5 exd5 16. Be3 f6 17. Nxd7 Qxd7 18. bxc4 bxc4 19. Nxc4 Qc7 20. Nb6 Nb4 21.
Qf5 Qxb6 22. cxb4 Ba8 23. b5 a5 24. Rdc1 Rc7 25. Rxc7 Qxc7 26. Bf3 Qb7 27. h4
Bd8 28. a4 g6 29. Qd3 Bb6 30. h5 Kg7 31. Bg4 Qe7 32. Rc1 Bb7 33. h6+ Kf7 34.
Re1 Qb4 35. Re2 Qxa4 36. Kf1 Qb4 37. f4 a4 38. f5 Re4 39. Bf3 Re7 40. fxg6+
hxg6 41. Bh5 Re4 42. Bf3 Re7 43. h7 Kg7 44. Qxg6+ Kxg6 45. h8=Q Qb1+ 46. Kf2
Qf5 47. g4 Qd7 48. Qh5+ Kg7 49. Bh6+ Kh8 50. Bg5+ Kg7 51. Qh6+ Kg8 52. Qg6+
1-0

[Event "Landsturneringen 2015"]
[Site "Oppsal arena, Oslo"]
[Date "2015.07.05"]
[Round "1"]
[White "Garcia, Megan Alyssa"]
[Black "Lund, Gunnar"]
[Result "1/2-1/2"]
[WhiteElo "1370"]
[BlackElo "1615"]
[PlyCount "111"]
[EventDate "2015.??.??"]

1. e4 c5 2. Nc3 e6 3. Nf3 Nc6 4. Bb5 g6 5. O-O Bg7 6. d3 Nge7 7. Ne2 a6 8. Bxc6
Nxc6 9. c3 O-O 10. Bf4 d5 11. h3 b5 12. Rc1 Bb7 13. e5 d4 14. cxd4 Nxd4 15.
Nexd4 cxd4 16. Qe2 Qd7 17. Rc5 Rac8 18. Rfc1 Rxc5 19. Rxc5 Rd8 20. Qc2 Bxf3 21.
gxf3 h6 22. Kg2 g5 23. Bg3 Qb7 24. b3 h5 25. Rc7 Qd5 26. Rc5 Qa8 27. Qe2 Bf8
28. Rc2 Bb4 29. Qe4 Qxe4 30. fxe4 Bc3 31. f4 gxf4 32. Bxf4 Kh7 33. h4 a5 34.
Bg5 Ra8 35. Rf2 Ra7 36. Kf1 a4 37. bxa4 bxa4 38. Ke2 Rb7 39. Bc1 a3 40. Bxa3
Ra7 41. Bc5 Rxa2+ 42. Kf1 Rxf2+ 43. Kxf2 Kg6 44. Kf3 f6 45. Bd6 Be1 46. exf6
Kxf6 47. Bg3 Bxg3 48. Kxg3 e5 49. Kf3 Ke6 50. Ke2 Kd6 51. Kd2 Kc5 52. Kc2 Kb4
53. Kb2 Ka4 54. Ka2 Kb4 55. Kb2 Ka4 56. Ka2
1/2-1/2

[Event "Landsturneringen 2015"]
[Site "Oppsal arena, Oslo"]
[Date "2015.07.05"]
[Round "1"]
[White "Jacobsen, Elise Sjøttem"]
[Black "Bø, Torgeir H"]
[Result "0-1"]
[WhiteElo "1605"]
[BlackElo "1354"]
[PlyCount "70"]
[EventDate "2015.??.??"]

1. e4 e5 2. d4 exd4 3. Qxd4 Nc6 4. Qe3 b6 5. Nc3 Bb7 6. Bd2 Bc5 7. Qg3 Qf6 8.
Nd5 Qxb2 9. Bc3 Qxc2 10. Bd3 Bxf2+ 11. Qxf2 Qxd3 12. Bxg7 O-O-O 13. Qf4 d6 14.
Rd1 Qc2 15. Qg4+ Kb8 16. Ne3 Qxa2 17. Bxh8 Nh6 18. Qg7 Qa5+ 19. Kf2 Qa2+ 20.
Ne2 Ne5 21. Qxh7 Nhg4+ 22. Nxg4 Nxg4+ 23. Kf3 Qe6 24. Nd4 Ne5+ 25. Ke3 Nc4+ 26.
Kf3 Qe7 27. Rc1 d5 28. e5 Qa3+ 29. Kg4 Bc8+ 30. Kh4 Qe3 31. Nc6+ Ka8 32. g3
Rxh8 33. Qxh8 Qe4+ 34. Kh5 Qf5+ 35. Kh4 Qg4#
0-1

[Event "Landsturneringen 2015"]
[Site "Oppsal arena, Oslo"]
[Date "2015.07.05"]
[Round "1"]
[White "Skjølås, Erling Dyrhaug"]
[Black "Brekke, Kristian Markhus"]
[Result "1-0"]
[WhiteElo "1566"]
[BlackElo "1187"]
[PlyCount "91"]
[EventDate "2015.??.??"]

1. c4 e5 2. g3 Nf6 3. Bg2 Bc5 4. Nc3 O-O 5. e3 Nc6 6. Nge2 a6 7. O-O Ne7 8. d4
exd4 9. exd4 Ba7 10. c5 d6 11. b4 dxc5 12. dxc5 Qxd1 13. Rxd1 h6 14. Bf4 c6 15.
Bd6 Re8 16. Nd4 Bd7 17. a4 Bb8 18. b5 Bxd6 19. cxd6 Nf5 20. bxc6 Nxd4 21. cxd7
Ne2+ 22. Kf1 Nxc3 23. dxe8=Q+ Rxe8 24. d7 Rd8 25. Rdc1 Rxd7 26. Rxc3 b5 27. a5
Rd2 28. h3 Kh7 29. Bb7 Rb2 30. Bxa6 Ne4 31. Rd3 Nd2+ 32. Kg1 Nb3 33. Rxb3 Rxb3
34. Bb7 b4 35. a6 Rc3 36. a7 b3 37. a8=Q b2 38. Rb1 Rc1+ 39. Kg2 Rxb1 40. Be4+
g6 41. Qf8 Re1 42. Qxf7+ Kh8 43. Bxg6 Rg1+ 44. Kxg1 b1=Q+ 45. Bxb1 h5 46. Qf8#
1-0

[Event "Landsturneringen 2015"]
[Site "Oppsal arena, Oslo"]
[Date "2015.07.05"]
[Round "2"]
[White "Heier, Odin Nikolai"]
[Black "Skjølås, Erling Dyrhaug"]
[Result "1-0"]
[WhiteElo "1707"]
[BlackElo "1566"]
[PlyCount "123"]
[EventDate "2015.??.??"]

1. e4 e6 2. d4 d5 3. Nc3 Nf6 4. Bg5 Be7 5. e5 Nfd7 6. Bxe7 Qxe7 7. f4 O-O 8.
Nf3 c5 9. Nb5 a6 10. Nd6 Nc6 11. c3 f6 12. Bd3 fxe5 13. fxe5 cxd4 14. cxd4
Ndxe5 15. dxe5 Nxe5 16. Nxe5 Qxd6 17. Qe2 Bd7 18. Nxd7 Qxd7 19. O-O-O Rae8 20.
Rhf1 Rxf1 21. Rxf1 e5 22. Bf5 Qd6 23. Bxh7+ Kxh7 24. Rd1 Rc8+ 25. Kb1 Qg6+ 26.
Ka1 Qe6 27. a3 e4 28. Qh5+ Kg8 29. Qxd5 Qxd5 30. Rxd5 Re8 31. Rd2 Kf7 32. Kb1
e3 33. Re2 Kf6 34. Kc2 Kf5 35. Kd3 Kf4 36. Rc2 b5 37. Ke2 Ke4 38. Rc3 Kd4 39.
Rd3+ Kc5 40. Rxe3 Rf8 41. Re7 Rg8 42. b4+ Kc4 43. Ra7 Re8+ 44. Kd2 Rd8+ 45. Kc2
Re8 46. Rxg7 Re2+ 47. Kd1 Ra2 48. Rg3 Ra1+ 49. Kc2 Ra2+ 50. Kb1 Rf2 51. h4 Rf4
52. h5 Rh4 53. Rh3 Rg4 54. h6 Rg8 55. g4 Kd5 56. g5 Ke6 57. g6 Kf6 58. g7 Re8
59. Rf3+ Kg6 60. Rf8 Re1+ 61. Kc2 Re2+ 62. Kd3
1-0

[Event "Landsturneringen 2015"]
[Site "Oppsal arena, Oslo"]
[Date "2015.07.05"]
[Round "2"]
[White "Bø, Torgeir H"]
[Black "Lindbøl, Aleksander"]
[Result "0-1"]
[WhiteElo "1354"]
[BlackElo "1618"]
[PlyCount "60"]
[EventDate "2015.??.??"]

1. e4 c6 2. c4 d5 3. exd5 cxd5 4. cxd5 Nf6 5. Nc3 Nbd7 6. Nf3 Nb6 7. d4 Nfxd5
8. Nxd5 Qxd5 9. Bd3 Bg4 10. O-O e6 11. Bf4 Be7 12. Re1 O-O 13. Re5 Qd7 14. Qc2
h6 15. Qd2 Bf6 16. Rc5 Bxf3 17. gxf3 Qxd4 18. Bxh6 Qxc5 19. Kh1 Qd5 20. Qe3 Qe5
21. Be4 Nd5 22. Qd2 Qxb2 23. Qe1 Qxa1 24. Qxa1 Bxa1 25. Bg5 g6 26. h4 Bf6 27.
Bh6 Bxh4 28. Kh2 f5 29. Bd3 g5 30. f4 Nxf4
0-1

[Event "Landsturneringen 2015"]
[Site "Oppsal arena, Oslo"]
[Date "2015.07.05"]
[Round "2"]
[White "Greibrokk, Ingrid Andrea"]
[Black "Bruaset, Eivind"]
[Result "0-1"]
[WhiteElo "1649"]
[BlackElo "1563"]
[PlyCount "78"]
[EventDate "2015.??.??"]

1. e4 e6 2. d4 d5 3. Nd2 Be7 4. exd5 exd5 5. Ngf3 Nf6 6. Bd3 O-O 7. O-O c5 8.
dxc5 Bxc5 9. Nb3 Bb6 10. h3 Nc6 11. c3 Re8 12. Bg5 h6 13. Bh4 g5 14. Bg3 Ne4
15. Bxe4 dxe4 16. Qxd8 Rxd8 17. Nfd2 f5 18. Nc4 f4 19. Nxb6 axb6 20. Bh2 Be6
21. g3 Bxb3 22. axb3 Rxa1 23. Rxa1 e3 24. Re1 Ne5 25. fxe3 Nf3+ 26. Kf2 Nxe1
27. Kxe1 fxe3 28. Bg1 Rd2 29. Bxe3 Rxb2 30. b4 b5 31. h4 gxh4 32. gxh4 h5 33.
Kd1 Rh2 34. Bg5 Kf7 35. Ke1 Ke6 36. Bd8 Kd5 37. Bf6 Kc4 38. Kd1 Kd3 39. Ke1 Rc2
0-1

[Event "Landsturneringen 2015"]
[Site "Oppsal arena, Oslo"]
[Date "2015.07.05"]
[Round "2"]
[White "Enersen, Eirik S"]
[Black "Fossan, Andreas"]
[Result "0-1"]
[WhiteElo "1477"]
[BlackElo "1813"]
[PlyCount "88"]
[EventDate "2015.??.??"]

1. e4 c6 2. d4 d5 3. exd5 cxd5 4. Nf3 Nc6 5. Bd3 Bg4 6. c3 Qc7 7. h3 Bh5 8.
Nbd2 e6 9. Nb3 Nf6 10. Be3 Bd6 11. Nbd2 O-O 12. Bg5 Nd7 13. Qc2 Bg6 14. Bxg6
hxg6 15. Nf1 b5 16. Bd2 Rfc8 17. Rc1 Nf6 18. Ne3 Rab8 19. a3 a5 20. O-O Qb7 21.
Qd3 Be7 22. Rfd1 Ne4 23. Be1 Nd6 24. Rb1 b4 25. a4 Qd7 26. Ra1 Nf5 27. Bd2 Rb6
28. Rdc1 Qb7 29. Rcb1 Rb8 30. Nxf5 gxf5 31. Bf4 Rc8 32. Ne5 Nxe5 33. Bxe5 bxc3
34. bxc3 Rb3 35. Bf4 Rc4 36. Bd2 Rxa4 37. Rxa4 Rxb1+ 38. Kh2 Bd6+ 39. g3 Qb3
40. Rxa5 Qd1 41. Qxb1 Qxb1 42. Ra8+ Kh7 43. Ra7 Qc2 44. Be3 f4
0-1

[Event "Landsturneringen 2015"]
[Site "Oppsal arena, Oslo"]
[Date "2015.07.05"]
[Round "2"]
[White "Sundsbø, Sigve"]
[Black "Berntsen-Øybø, August"]
[Result "1/2-1/2"]
[WhiteElo "1550"]
[BlackElo "1684"]
[PlyCount "88"]
[EventDate "2015.??.??"]

1. d4 Nf6 2. c4 e6 3. Nc3 Bb4 4. Qc2 O-O 5. a3 Bxc3+ 6. Qxc3 b6 7. Bg5 Bb7 8.
e3 d6 9. f3 Nbd7 10. Nh3 h6 11. Bh4 Rc8 12. Be2 c5 13. dxc5 bxc5 14. Rc1 d5 15.
O-O Qb6 16. Rfd1 Qc6 17. Rd2 Qb6 18. Nf2 dxc4 19. Bxc4 Nd5 20. Bxd5 exd5 21.
Rcd1 Qe6 22. Nh3 g5 23. Bg3 Rfe8 24. Re1 Nb6 25. b3 Nd7 26. Qa5 Rc6 27. Qc3 Nf6
28. Qc2 Qe7 29. Nf2 d4 30. e4 Ba6 31. Nd3 Bxd3 32. Qxd3 Rd8 33. Rc1 Qe6 34.
Rdc2 Rdc8 35. Rc4 Nd7 36. R4c2 Ne5 37. Bxe5 Qxe5 38. Rd1 Qe6 39. Rdc1 Qd6 40.
Rd1 Qe6 41. Rdc1 Kf8 42. Rc4 Qd6 43. Rd1 Rd8 44. Rdc1 Rdc8
1/2-1/2

[Event "Landsturneringen 2015"]
[Site "Oppsal arena, Oslo"]
[Date "2015.07.05"]
[Round "2"]
[White "Lund, Gunnar"]
[Black "Wadstensvik, Petter Andreas"]
[Result "1/2-1/2"]
[WhiteElo "1615"]
[BlackElo "1400"]
[PlyCount "47"]
[EventDate "2015.??.??"]

1. e4 c5 2. Nf3 Nc6 3. Bb5 d6 4. O-O Bd7 5. Nc3 g6 6. d3 Bg7 7. Be3 e6 8. Re1
Nge7 9. Qd2 O-O 10. Bh6 Nd4 11. Bxd7 Nxf3+ 12. gxf3 Qxd7 13. Bxg7 Kxg7 14. Kh1
Nc6 15. Rg1 Nd4 16. Rg3 f5 17. Ne2 Nxe2 18. Qxe2 f4 19. Rg4 e5 20. Rag1 Rf6 21.
Qf1 h5 22. Rg5 Kh6 23. Qg2 Qf7 24. b3
1/2-1/2

[Event "Landsturneringen 2015"]
[Site "Oppsal arena, Oslo"]
[Date "2015.07.05"]
[Round "2"]
[White "Næss, Sara"]
[Black "Garcia, Megan Alyssa"]
[Result "1-0"]
[WhiteElo "1580"]
[BlackElo "1370"]
[PlyCount "79"]
[EventDate "2015.??.??"]

1. e4 d5 2. exd5 Nf6 3. d4 Nxd5 4. c3 g6 5. Bd3 Bg7 6. Nf3 O-O 7. O-O Nd7 8.
Re1 N7f6 9. Bd2 e6 10. Qc1 b6 11. Bh6 Bb7 12. Ne5 Rc8 13. Bxg7 Kxg7 14. Nd2 Nf4
15. Bf1 c5 16. dxc5 bxc5 17. Ndc4 N6h5 18. Qe3 Nd5 19. Qd2 Ndf6 20. Qxd8 Rcxd8
21. Rad1 Bd5 22. g3 Nd7 23. b3 Nxe5 24. Nxe5 f6 25. Nd3 Bf3 26. Be2 Bxe2 27.
Rxe2 Kf7 28. Red2 Rd5 29. c4 Rdd8 30. Ne5+ fxe5 31. Rxd8 Rxd8 32. Rxd8 Nf6 33.
Ra8 Ke7 34. Rxa7+ Kd6 35. Rb7 Kc6 36. Rf7 Nd7 37. Rxh7 e4 38. Rxd7 Kxd7 39. h4
e5 40. g4
1-0

[Event "Landsturneringen 2015"]
[Site "Oppsal arena, Oslo"]
[Date "2015.07.05"]
[Round "2"]
[White "Olsen, Ulrik"]
[Black "Vatnestrøm, Leo Andreas Giske"]
[Result "1-0"]
[WhiteElo "1829"]
[BlackElo "1232"]
[PlyCount "73"]
[EventDate "2015.??.??"]

1. e4 e6 2. d4 d5 3. Nd2 Nf6 4. e5 Nfd7 5. Bd3 c5 6. c3 Nc6 7. Ngf3 cxd4 8.
cxd4 f6 9. exf6 Nxf6 10. O-O Bd6 11. Nb3 O-O 12. Bg5 Bd7 13. Rc1 e5 14. dxe5
Nxe5 15. Be2 Be6 16. Nc5 Nxf3+ 17. Bxf3 Bxc5 18. Rxc5 Qd6 19. Qd4 Nd7 20. Rb5
h6 21. Bd2 Rxf3 22. gxf3 Bh3 23. Qxd5+ Qxd5 24. Rxd5 Nf6 25. Rc5 Bxf1 26. Kxf1
Rf8 27. Ke2 Rf7 28. Bc3 Kh7 29. a4 Kg6 30. Rb5 Nh5 31. Be5 Nf4+ 32. Ke3 Ne6 33.
f4 Nd8 34. Ke4 Nc6 35. f3 Rd7 36. f5+ Kf7 37. f4
1-0

[Event "Landsturneringen 2015"]
[Site "Oppsal arena, Oslo"]
[Date "2015.07.05"]
[Round "2"]
[White "Hem, Even Elias Yuan"]
[Black "Jacobsen, Elise Sjøttem"]
[Result "0-1"]
[WhiteElo "1381"]
[BlackElo "1605"]
[PlyCount "54"]
[EventDate "2015.??.??"]

1. d4 Nf6 2. c4 c5 3. d5 b5 4. cxb5 a6 5. bxa6 Bxa6 6. g3 g6 7. Bg2 d6 8. Nc3
Bg7 9. e4 O-O 10. Nge2 Nbd7 11. O-O Qa5 12. Qc2 Rfb8 13. Re1 Ne5 14. Nf4 Nc4
15. Nd3 Nd7 16. Bd2 Nxd2 17. Qxd2 Rxb2 18. Nxb2 Bxc3 19. Qc1 Rb8 20. Rb1 Bxe1
21. Bf1 Bxf1 22. Kxf1 Bd2 23. Qc2 Qb5+ 24. Kg2 Bh6 25. a4 Qb3 26. Qe2 c4 27. a5
c3
0-1

[Event "Landsturneringen 2015"]
[Site "Oppsal arena, Oslo"]
[Date "2015.07.06"]
[Round "3"]
[White "Wadstensvik, Petter Andreas"]
[Black "Olsen, Ulrik"]
[Result "1/2-1/2"]
[WhiteElo "1400"]
[BlackElo "1829"]
[PlyCount "78"]
[EventDate "2015.??.??"]

1. b4 e5 2. Bb2 Bxb4 3. Bxe5 Nf6 4. c4 O-O 5. Nf3 Nc6 6. Bb2 d5 7. e3 Bf5 8.
cxd5 Nxd5 9. Be2 Be7 10. O-O Bf6 11. d4 Ncb4 12. Nc3 Nxc3 13. Bxc3 Nd5 14. Bb2
Rc8 15. Qb3 c5 16. dxc5 Bxb2 17. Qxb2 Qe7 18. Nd4 Be4 19. Rac1 Rfd8 20. Bf3
Bxf3 21. Nxf3 Rd7 22. Nd4 Rdc7 23. Nf5 Qf8 24. Nd6 Rd8 25. Nxb7 Rb8 26. c6 Qe8
27. Nd6 Rxb2 28. Nxe8 Rc8 29. c7 Kf8 30. e4 Kxe8 31. exd5 Kd7 32. d6 Kxd6 33.
Rfd1+ Ke7 34. g3 Rb7 35. Rc3 Rbxc7 36. Re3+ Kf8 37. Rd6 Rc6 38. Rd7 R6c7 39.
Rd6 Rc6
1/2-1/2

[Event "Landsturneringen 2015"]
[Site "Oppsal arena, Oslo"]
[Date "2015.07.06"]
[Round "3"]
[White "Fossan, Andreas"]
[Black "Berntsen-Øybø, August"]
[Result "0-1"]
[WhiteElo "1813"]
[BlackElo "1684"]
[PlyCount "134"]
[EventDate "2015.??.??"]

1. d4 Nf6 2. c4 g6 3. Nc3 Bg7 4. e4 d6 5. f3 O-O 6. Be3 c5 7. Nge2 Nc6 8. d5
Ne5 9. Ng3 a6 10. Be2 Qa5 11. f4 Ned7 12. O-O b5 13. cxb5 axb5 14. Nxb5 Ba6 15.
Nc3 Rfb8 16. Bxa6 Rxa6 17. Rf2 Rab6 18. Bc1 Ne8 19. Nge2 Nc7 20. Qc2 Nb5 21.
Qa4 Qxa4 22. Nxa4 Ra6 23. Nac3 Nd4 24. Ng3 Nb3 25. Rb1 Nxc1 26. Rxc1 Bd4 27.
Rcc2 Bxf2+ 28. Kxf2 Nb6 29. Kf3 Na4 30. Nxa4 Rxa4 31. b3 Rab4 32. Ke3 e6 33.
Rc3 R8b6 34. Ne2 c4 35. Nd4 cxb3 36. Nxb3 Ra4 37. dxe6 fxe6 38. Rc2 Rbb4 39.
Nd2 Ra3+ 40. Kf2 Rba4 41. Rc8+ Kf7 42. Nc4 Rxa2+ 43. Kf3 Ke7 44. Rc7+ Kd8 45.
Rc6 Rc2 46. Rxd6+ Ke7 47. Ne3 Rc3 48. Rd2 Raa3 49. Re2 Kd6 50. g4 Kc5 51. Kf2
Rab3 52. f5 Kd4 53. f6 Rb7 54. g5 Ke5 55. Kf3 Rb1 56. Ra2 Re1 57. Re2 Rxe2 58.
Kxe2 Kxe4 59. Ng4 Kf5 60. f7 Rc8 61. Nf6 Rf8 62. Nxh7 Rxf7 63. Nf6 Kxg5 64.
Ne4+ Kf4 65. Nc5 e5 66. Nd3+ Kf5 67. Ke3 Rh7
0-1

[Event "Landsturneringen 2015"]
[Site "Oppsal arena, Oslo"]
[Date "2015.07.06"]
[Round "3"]
[White "Bruaset, Eivind"]
[Black "Heier, Odin Nikolai"]
[Result "1/2-1/2"]
[WhiteElo "1563"]
[BlackElo "1707"]
[PlyCount "100"]
[EventDate "2015.??.??"]

1. e4 e5 2. Nc3 Nc6 3. f4 d6 4. Nf3 Bg4 5. Bb5 Nf6 6. h3 Bxf3 7. Qxf3 a6 8.
Bxc6+ bxc6 9. fxe5 dxe5 10. d3 h6 11. O-O Bc5+ 12. Be3 Bxe3+ 13. Qxe3 O-O 14.
Rf3 Re8 15. Raf1 Re6 16. Na4 Qe7 17. Qc5 Qd6 18. Qc3 Qe7 19. Nc5 Rd6 20. Rf5
Re8 21. Nxa6 Re6 22. Nc5 Rd6 23. b3 g6 24. R5f3 Rf8 25. Rxf6 Rxf6 26. Rxf6 Qxf6
27. Nd7 Qe6 28. Nxf8 Kxf8 29. Qc5+ Ke8 30. a4 Kd7 31. a5 Qe8 32. Qa7 Qe7 33. a6
Qa3 34. Qf2 Ke7 35. a7 Ke6 36. b4 f6 37. Kh2 Kf7 38. Qc5 g5 39. Qa5 Qc1 40.
Qxc7+ Kg6 41. Qxc6 Qf4+ 42. Kg1 Qc1+ 43. Kf2 Qd2+ 44. Kf3 g4+ 45. hxg4 Qd1+ 46.
Kf2 Qd2+ 47. Kg3 Qe1+ 48. Kh3 Qh1+ 49. Kg3 Qe1+ 50. Kf3 Qf1+
1/2-1/2

[Event "Landsturneringen 2015"]
[Site "Oppsal arena, Oslo"]
[Date "2015.07.06"]
[Round "3"]
[White "Lindbøl, Aleksander"]
[Black "Næss, Sara"]
[Result "1-0"]
[WhiteElo "1618"]
[BlackElo "1580"]
[PlyCount "85"]
[EventDate "2015.??.??"]

1. Nf3 Nf6 2. c4 g6 3. Nc3 Bg7 4. d4 d6 5. e4 O-O 6. Be2 e5 7. d5 Ne8 8. Qc2 f5
9. exf5 gxf5 10. Bg5 Nf6 11. O-O-O Na6 12. Kb1 Bd7 13. h3 Qc8 14. a3 Nc5 15.
Be3 Nfe4 16. Bxc5 Nxc5 17. Ka2 Rb8 18. g4 Qe8 19. g5 Qg6 20. h4 f4 21. Qd2 Bf5
22. h5 Qe8 23. Rdg1 a6 24. Nh4 b5 25. Nxf5 Rxf5 26. h6 Bf8 27. Bh5 Qd8 28. g6
Rf6 29. Qc2 hxg6 30. Rxg6+ Kh8 31. Bg4 bxc4 32. Rg1 Nd3 33. Rxf6 Qxf6 34. Nd1
Bxh6 35. Qxc4 Nc5 36. f3 Qh4 37. Qf1 Qf6 38. Qh3 Nd3 39. Bf5 Nc5 40. Rg6 Qf8
41. Rxh6+ Kg7 42. Rg6+ Kf7 43. Qh7+
1-0

[Event "Landsturneringen 2015"]
[Site "Oppsal arena, Oslo"]
[Date "2015.07.06"]
[Round "3"]
[White "Skjølås, Erling Dyrhaug"]
[Black "Bø, Torgeir H"]
[Result "1-0"]
[WhiteElo "1566"]
[BlackElo "1354"]
[PlyCount "65"]
[EventDate "2015.??.??"]

1. d4 e6 2. e4 d5 3. Nc3 c5 4. exd5 exd5 5. dxc5 Nf6 6. Bg5 Bxc5 7. Bb5+ Nc6 8.
Qe2+ Be6 9. O-O-O O-O 10. Nf3 Re8 11. Rhe1 d4 12. Ne4 Bd7 13. Bxf6 gxf6 14. Qd2
Be7 15. Nxd4 Nxd4 16. Bxd7 Qxd7 17. Qxd4 Qxd4 18. Rxd4 Rad8 19. Rxd8 Rxd8 20.
Ng3 Bc5 21. f3 Bd6 22. Nf5 Bf4+ 23. Kb1 Bxh2 24. g3 h5 25. a3 h4 26. Nxh4 Bxg3
27. Rg1 Kh7 28. Rxg3 Rd1+ 29. Ka2 Rd2 30. Kb3 a5 31. Nf5 a4+ 32. Kxa4 b5+ 33.
Kb3
1-0

[Event "Landsturneringen 2015"]
[Site "Oppsal arena, Oslo"]
[Date "2015.07.06"]
[Round "4"]
[White "Heier, Odin Nikolai"]
[Black "Lindbøl, Aleksander"]
[Result "0-1"]
[WhiteElo "1707"]
[BlackElo "1618"]
[PlyCount "86"]
[EventDate "2015.??.??"]

1. e4 c6 2. d4 d5 3. e5 Bf5 4. g4 Bc8 5. c4 e6 6. Nc3 b6 7. cxd5 exd5 8. h4 Bb7
9. Bg2 Na6 10. f4 Qc7 11. Be3 O-O-O 12. a3 Kb8 13. b4 Re8 14. Rc1 Qd7 15. Bf3
Nc7 16. Qb3 f6 17. a4 Nh6 18. g5 fxe5 19. fxe5 Nf5 20. Bf2 Ba6 21. b5 cxb5 22.
axb5 Nxb5 23. Nxb5 Bxb5 24. Bxd5 Bb4+ 25. Qxb4 Qxd5 26. Rh3 Qe4+ 27. Kd1 Rxe5
28. Rc2 Rd8 29. Kc1 Nxd4 30. Bxd4 Rxd4 31. Qf8+ Re8 32. Qf2 Ba4 33. Rd2 Rc8+
34. Kb2 Rxd2+ 35. Qxd2 Rc2+ 36. Qxc2 Qxc2+ 37. Ka3 a5 38. Rf3 b5 39. Rf8+ Kc7
40. Rf7+ Kd8 41. Rf8+ Ke7 42. Rf7+ Kxf7 43. g6+ Ke7
0-1

[Event "Landsturneringen 2015"]
[Site "Oppsal arena, Oslo"]
[Date "2015.07.06"]
[Round "4"]
[White "Sundsbø, Sigve"]
[Black "Bruaset, Eivind"]
[Result "0-1"]
[WhiteElo "1550"]
[BlackElo "1563"]
[PlyCount "102"]
[EventDate "2015.??.??"]

1. d4 e6 2. c4 b6 3. Nc3 Bb4 4. e4 Bb7 5. Qc2 Qh4 6. Bd3 f5 7. g3 Qh5 8. f3 Nf6
9. e5 Ng8 10. Be2 Ne7 11. f4 Qf7 12. Bf3 Bxf3 13. Nxf3 Nbc6 14. a3 Bxc3+ 15.
Qxc3 a5 16. Be3 O-O 17. O-O Rfb8 18. b3 Rb7 19. Rfd1 Rab8 20. Qc2 b5 21. Rab1
bxc4 22. bxc4 Rxb1 23. Rxb1 Qe8 24. Rb2 Rxb2 25. Qxb2 Qb8 26. Qc2 Qb7 27. Nd2
Qa6 28. Kf2 Kf7 29. Nb3 d6 30. Qc3 a4 31. Nd2 d5 32. c5 Na5 33. Qc2 Nc4 34. Qc3
Nxd2 35. Bxd2 Qc4 36. Qxc4 dxc4 37. Ke2 c6 38. Bc1 Nd5 39. Bb2 Kg6 40. h3 Kh5
41. Kf3 g6 42. Kf2 h6 43. Kf3 g5 44. fxg5 hxg5 45. Kf2 f4 46. Kf3 fxg3 47. Kxg3
c3 48. Ba1 c2 49. Bb2 Nf4 50. Bc1 Ne2+ 51. Kf3 Nxc1
0-1

[Event "Landsturneringen 2015"]
[Site "Oppsal arena, Oslo"]
[Date "2015.07.06"]
[Round "4"]
[White "Berntsen-Øybø, August"]
[Black "Skjølås, Erling Dyrhaug"]
[Result "1-0"]
[WhiteElo "1684"]
[BlackElo "1566"]
[PlyCount "65"]
[EventDate "2015.??.??"]

1. Nf3 Nf6 2. d4 g6 3. c4 d6 4. Nc3 Bg7 5. e4 O-O 6. Be2 e5 7. d5 Na6 8. O-O
Nc5 9. Qc2 a5 10. Be3 Ne8 11. a3 f5 12. b4 Nxe4 13. Nxe4 fxe4 14. Nd2 Nf6 15.
Rfd1 Ng4 16. Nxe4 Qh4 17. Bxg4 Bxg4 18. Re1 Bf5 19. f3 Bh6 20. Bf2 Qe7 21. c5
g5 22. Qd2 Bxe4 23. Rxe4 axb4 24. Qxb4 Rfb8 25. Rc4 Ra6 26. Rac1 Rba8 27. Qxb7
R6a7 28. cxd6 cxd6 29. Rc8+ Kf7 30. Qxe7+ Kxe7 31. Bxa7 Rxa7 32. R8c7+ Rxc7 33.
Rxc7+
1-0

[Event "Landsturneringen 2015"]
[Site "Oppsal arena, Oslo"]
[Date "2015.07.06"]
[Round "4"]
[White "Lund, Gunnar"]
[Black "Fossan, Andreas"]
[Result "0-1"]
[WhiteElo "1615"]
[BlackElo "1813"]
[PlyCount "70"]
[EventDate "2015.??.??"]

1. d4 d5 2. c4 c6 3. Nf3 Nf6 4. Nc3 dxc4 5. e3 b5 6. g3 e6 7. Bg2 Bb7 8. Ne5
Qc7 9. a4 b4 10. Ne4 c5 11. Nxf6+ gxf6 12. Bxb7 Qxb7 13. Qf3 Qxf3 14. Nxf3 Nc6
15. dxc5 Bxc5 16. Bd2 Na5 17. Rc1 O-O 18. Ke2 Rac8 19. e4 Rfd8 20. Rhd1 Kg7 21.
Be3 Bxe3 22. Kxe3 e5 23. Nh4 Kf8 24. Nf5 c3 25. Rxd8+ Rxd8 26. bxc3 Nc4+ 27.
Ke2 b3 28. Ne3 Na3 29. Rd1 Rb8 30. Nf1 b2 31. Nd2 b1=Q 32. Nxb1 Nxb1 33. Rd6
Nxc3+ 34. Kd3 Nxa4 35. Rxf6 Nc5+
0-1